Octave Mirbeau (Record no. 184216)

MARC details
000 -LEADER
campo de control de longitud fija 00850nam a2200205 i 4500
001 - NÚMERO DE CONTROL
campo de control 184216
003 - IDENTIFICADOR DE NÚMERO DE CONTROL
campo de control ES-MaACL
005 - FECHA Y HORA DE LA ÚLTIMA TRANSACCIÓN
campo de control 20251005063137.0
008 - DATOS DE LONGITUD FIJA--INFORMACIÓN GENERAL
campo de control de longitud fija 150511s1903 fr |||| | fre d
100 1# - ENTRADA PRINCIPAL--NOMBRE DE PERSONA
Nombre de persona Pilon, Edmond,
Fechas asociadas al nombre 1874-1945
9 (RLIN) 92042
245 10 - MENCIÓN DEL TÍTULO
Título Octave Mirbeau
Resto del título : biographie illustrée de portraits, caricatures, autographes suivie d'opinions, de documents et d'une bibliographie ornements typographiques d'Orazi /
Mención de responsabilidad, etc. par Edmond Pilon ; portrait-frontispice de Henry Bataille.
260 ## - PUBLICACIÓN, DISTRIBUCIÓN, ETC.
Lugar de publicación, distribución, etc. Paris :
Nombre del editor, distribuidor, etc. Bibliothèque internationale d'édition,
Fecha de publicación, distribución, etc. 1903.
300 ## - DESCRIPCIÓN FÍSICA
Extensión 47 p. :
Otras características físicas il. ;
Dimensiones 18 cm.
490 1# - MENCIÓN DE SERIE
Mención de serie Les Célébrités d'aujourd'hui
600 04 - PUNTO DE ACCESO ADICIONAL DE MATERIA--NOMBRE DE PERSONA
Nombre de persona Mirbeau, Octave.
9 (RLIN) 81577
700 1# - ENTRADA AGREGADA--NOMBRE PERSONAL
Nombre de persona Bataille, Henry.
9 (RLIN) 26392
830 0# - PUNTO DE ACCESO ADICIONAL DE SERIE-TÍTULO UNIFORME
Título uniforme Les Célébrités d'aujourd'hui
9 (RLIN) 180788
852 ## - LOCALIZACIÓN
Ubicación ES-MaACL
Número de control de estantería D-753(3)
Holdings
Estatus retirado Estado de pérdida Estado de daño No para préstamo Biblioteca de origen Biblioteca actual Ubicación en estantería Fecha de adquisición Fuente de adquisición Total de préstamos Signatura topográfica completa Código de barras Visto por última vez Precio de reemplazo Tipo de ítem Koha
        Biblioteca del Ateneo de Madrid Biblioteca del Ateneo de Madrid Sala Valle Inclán 11/05/2015     D-753(3) 901193779 23/02/2023 23/02/2023 Libro impreso